| 000 | 00413nam a2200157Ia 4500 | ||
|---|---|---|---|
| 008 | 210210b2001 xxu||||| |||| 00| 0 eng d | ||
| 020 | _a81 7286 236 9 | ||
| 082 | _a413 VENP | ||
| 100 | _aVENKATASUBBAIAH (G). | ||
| 245 | _aProf. GV's prism english-kannada dictionary. Ed 1. | ||
| 250 | _a | ||
| 260 |
_aBangalore. _bPrism books pvt ltd., _c2001 |
||
| 300 | _a650 | ||
| 690 | _aDictionaries | ||
| 906 | _a057278 | ||
| 999 |
_c104888 _d104888 |
||